Use of riparian buffer strips as movement corridors by forest birds (Registro nro. 11932)

Detalles MARC
000 -CABECERA
Campo de control 006320000a22002050004500
090 ## - CLASIFICACIÓN LOCAL
Colección AR
Consecutivo 02872
041 0# - IDIOMA
Código de idioma para texto/pista de sonido o título separado
100 1# - ASIENTO PRINCIPAL--NOMBRE PERSONAL
Nombre personal Machtans, Craig S.
245 10 - MENCION DE TITULO
Título Use of riparian buffer strips as movement corridors by forest birds
650 14 - ASIENTO SECUNDARIO DE MATERIA - TERMINO TEMATICO
Término temático o nombre geográfico como elemento de entrada Aves
650 14 - ASIENTO SECUNDARIO DE MATERIA - TERMINO TEMATICO
Término temático o nombre geográfico como elemento de entrada Corredores ecológicos
650 14 - ASIENTO SECUNDARIO DE MATERIA - TERMINO TEMATICO
Término temático o nombre geográfico como elemento de entrada Movilidad animal
650 14 - ASIENTO SECUNDARIO DE MATERIA - TERMINO TEMATICO
Término temático o nombre geográfico como elemento de entrada Bosques
650 14 - ASIENTO SECUNDARIO DE MATERIA - TERMINO TEMATICO
Término temático o nombre geográfico como elemento de entrada Biología de la conservación
651 #4 - ASIENTO SECUNDARIO DE MATERIA - NOMBRE GEOGRAFICO
-- Canada
700 1# - ASIENTO SECUNDARIO - NOMBRE PERSONAL
Nombre personal Villard, Marc André
700 1# - ASIENTO SECUNDARIO - NOMBRE PERSONAL
Nombre personal Hannon, Susan J.
773 1# - Item fuente:
Título Conservation Biology
Especificación de materiales 24
Descripción física 5
Paginas del Articulo 1366-1379
Lugar, editorial y fecha de publicación 1996
Información sobre la relación 10
942 ## - ELEMENTOS ADICIONALES (KOHA)
Tipo de ítem Artículo
Existencias
Withdrawn status Lost status Damaged status No para préstamo Colección Ubicación Permanente Ubicación actual Fecha de adquisición Fuente de Valor Datos de publicación Seriada Total Checkouts Número topográfico Inventario / Código de Barras Date last seen Ejemplar Price effective from Forma de adquisición Tipo de material
      No para Préstamo Hemeroteca Bogotá Bogotá 27/02/2015 Arango, Natalia Fuera de circulación   AR 02872 013281 25/03/2015 1 25/03/2015   Artículo